[Event "British Rapidplay"]
[Site "Peterborough"]
[Date "2025.03.01"]
[Round "3.64"]
[White "McCarthy, Kevin C"]
[Black "Middleton, Ben"]
[Result "0-1"]
[WhiteElo "1944"]
[BlackElo "1611"]
[PlyCount "76"]
[EventDate "2025.03.01"]
[EventType "swiss (rapid)"]
[EventRounds "11"]
[EventCountry "ENG"]
[SourceTitle "BritBase"]
[Source "John Saunders"]
[SourceDate "2025.03.03"]
[SourceVersion "1"]
[SourceVersionDate "2025.03.03"]
[SourceQuality "2"]

1. d4 d5 2. Nc3 c6 3. e4 e6 4. Be3 Nd7 5. Bd3 Bb4 6. a3 Ba5 7. e5 Bc7 8. Qg4 g6 9. Bg5 Ne7 10. Nge2 Rf8 11. Qh4 h5 12. Nf4 Nb6 13. Bxg6 fxg6 14. Nxg6 Nxg6 15. Qxh5 Qd7 16. Qxg6+ Qf7 17. Qxf7+ Rxf7 18. h4 Bd8 19. f4 Nc4 20. O-O-O Ne3 21. Rdg1 Ng4 22. h5 Bb6 23. Ne2 c5 24. h6 Rh7 25. c3 cxd4 26. cxd4 Bd7 27. Kd2 Nf2 28. Rh4 Ne4+ 29. Ke3 Kf7 30. g4 Rg8 31. Rh5 a5 32. Ng3 a4 33. Nxe4 dxe4 34. Bf6 Rg6 35. Kxe4 Rgxh6 36. Rxh6 Rxh6 37. f5 Rh3 38. Bg5 Bc6+ 0-1

[Event "British Rapidplay"]
[Site "Peterborough"]
[Date "2025.03.01"]
[Round "3.67"]
[White "Mordyl, Monika"]
[Black "Kairat, Alexander"]
[Result "1-0"]
[WhiteElo "1649"]
[BlackElo "1656"]
[PlyCount "73"]
[EventDate "2025.03.01"]
[EventType "swiss (rapid)"]
[EventRounds "11"]
[EventCountry "ENG"]
[SourceTitle "BritBase"]
[Source "John Saunders"]
[SourceDate "2025.03.03"]
[SourceVersion "1"]
[SourceVersionDate "2025.03.03"]
[SourceQuality "2"]

1. d4 d5 2. c4 c6 3. Nf3 Nf6 4. e3 e6 5. Be2 Bd6 6. c5 Bc7 7. O-O O-O 8. a3 Nbd7 9. b4 e5 10. dxe5 Nxe5 11. Bb2 Nxf3+ 12. Bxf3 Re8 13. Re1 Bf5 14. Nd2 Be4 15. Bxf6 Qxf6 16. Nxe4 dxe4 17. Be2 Rad8 18. Qb3 Rd2 19. Rad1 Rb2 20. Qc4 Qe5 21. g3 Rd8 22. Rxd8+ Bxd8 23. Rd1 Bc7 24. Rd4 Kf8 25. Qc3 Rb1+ 26. Kg2 Qe7 27. Qc2 Ra1 28. Rxe4 Qf6 29. a4 g6 30. Rd4 Be5 31. Rd7 Qe6 32. Rxb7 a6 33. Rb6 Ra2 34. Qd1 Kg7 35. Rxa6 Qc8 36. Rb6 Bf6 37. Bf3 1-0

[Event "British Rapidplay"]
[Site "Peterborough"]
[Date "2025.03.01"]
[Round "3.68"]
[White "Bowers, Francis J"]
[Black "Ewart, Thomas"]
[Result "1-0"]
[WhiteElo "1820"]
[BlackElo "1701"]
[PlyCount "37"]
[EventDate "2025.03.01"]
[EventType "swiss (rapid)"]
[EventRounds "11"]
[EventCountry "ENG"]
[SourceTitle "BritBase"]
[Source "John Saunders"]
[SourceDate "2025.03.03"]
[SourceVersion "1"]
[SourceVersionDate "2025.03.03"]
[SourceQuality "2"]

1. e4 e6 2. d4 d5 3. Nc3 Bb4 4. Qg4 g6 5. e5 Bxc3+ 6. bxc3 c5 7. Bg5 Ne7 8. Qh4 cxd4 9. cxd4 h6 10. Bf6 Rh7 11. Bd3 Qc7 12. Ne2 Nf5 13. Bxf5 exf5 14. O-O Nd7 15. Be7 Nxe5 16. Ba3 Nc4 17. Nc3 Be6 18. Nb5 Qc6 19. Qe7# 1-0

[Event "British Rapidplay"]
[Site "Peterborough"]
[Date "2025.03.01"]
[Round "3.69"]
[White "Calvert, George"]
[Black "Lapidus, Alexey M"]
[Result "1-0"]
[WhiteElo "1740"]
[BlackElo "1937"]
[PlyCount "119"]
[EventDate "2025.03.01"]
[EventType "swiss (rapid)"]
[EventRounds "11"]
[EventCountry "ENG"]
[SourceTitle "BritBase"]
[Source "John Saunders"]
[SourceDate "2025.03.03"]
[SourceVersion "1"]
[SourceVersionDate "2025.03.03"]
[SourceQuality "2"]

1. e4 c5 2. d4 cxd4 3. c3 dxc3 4. Nxc3 Nc6 5. Nf3 d6 6. Bc4 Nf6 7. e5 d5 8. Nxd5 Nxd5 9. Bxd5 Qa5+ 10. Qd2 Qxd2+ 11. Bxd2 e6 12. Bxc6+ bxc6 13. O-O c5 14. Rac1 Bb7 15. Ng5 h6 16. Nh3 Be7 17. Be3 Rc8 18. Rfd1 g5 19. f3 Bd5 20. b3 O-O 21. Nf2 Rc7 22. h4 Kg7 23. hxg5 hxg5 24. Nh3 Kg6 25. f4 g4 26. Nf2 Kf5 27. Nh1 Kg6 28. Ng3 Bb7 29. Rf1 Rd8 30. f5+ exf5 31. Nxf5 Bg5 32. Bxg5 Kxg5 33. Nd6 Rdd7 34. Rf5+ Kg6 35. Rf6+ Kh7 36. Rc4 Ba6 37. Rxg4 Bd3 38. Ne8 Bg6 39. Nxc7 Rxc7 40. e6 Re7 41. exf7 Bxf7 42. Rf3 Bh5 43. Rh3 Re5 44. Rgh4 Kg6 45. g4 Re1+ 46. Kf2 Ra1 47. gxh5+ Kh7 48. Rg4 Rxa2+ 49. Ke3 Rb2 50. Ke4 a5 51. h6 c4 52. Rg7+ Kh8 53. Rf3 Re2+ 54. Kd4 Rd2+ 55. Kc3 Rd8 56. Kxc4 Rb8 57. Rgf7 Rb4+ 58. Kc3 Rh4 59. h7 Rxh7 60. Rxh7+ 1-0

[Event "British Rapidplay"]
[Site "Peterborough"]
[Date "2025.03.01"]
[Round "3.70"]
[White "Keerthi Kumar, Advait"]
[Black "May, David C"]
[Result "1-0"]
[WhiteElo "1823"]
[BlackElo "1670"]
[PlyCount "63"]
[EventDate "2025.03.01"]
[EventType "swiss (rapid)"]
[EventRounds "11"]
[EventCountry "ENG"]
[SourceTitle "BritBase"]
[Source "John Saunders"]
[SourceDate "2025.03.03"]
[SourceVersion "1"]
[SourceVersionDate "2025.03.03"]
[SourceQuality "2"]

1. e4 d6 2. d4 Nf6 3. Nc3 Nbd7 4. Nf3 e5 5. dxe5 dxe5 6. Bc4 h6 7. O-O Be7 8. a3 c6 9. Re1 Qc7 10. Ba2 Nf8 11. b4 g5 12. Bb2 Ng6 13. b5 Bd7 14. bxc6 Bxc6 15. Nd5 Qd6 16. c4 Nf4 17. Bxe5 Qxa3 18. Nxf6+ Bxf6 19. Bxf6 O-O 20. c5 Nd3 21. Bxf7+ Rxf7 22. Rxa3 Nxe1 23. Qxe1 Rxf6 24. e5 Re6 25. Nd4 Re7 26. Nxc6 bxc6 27. h3 Rae8 28. Qe4 Rxe5 29. Qg6+ Kh8 30. Rxa7 R5e7 31. Qf6+ Kg8 32. Rxe7 1-0

[Event "British Rapidplay"]
[Site "Peterborough"]
[Date "2025.03.01"]
[Round "3.71"]
[White "Smith, Adam"]
[Black "Nezis, Anastasios"]
[Result "0-1"]
[WhiteElo "1692"]
[BlackElo "1891"]
[PlyCount "70"]
[EventDate "2025.03.01"]
[EventType "swiss (rapid)"]
[EventRounds "11"]
[EventCountry "ENG"]
[SourceTitle "BritBase"]
[Source "John Saunders"]
[SourceDate "2025.03.03"]
[SourceVersion "1"]
[SourceVersionDate "2025.03.03"]
[SourceQuality "2"]

1. e4 c5 2. c3 d5 3. exd5 Qxd5 4. Nf3 Nf6 5. Na3 a6 6. Bc4 Qe4+ 7. Qe2 Qxe2+ 8. Bxe2 b5 9. Nc2 e6 10. O-O Bb7 11. d4 Nbd7 12. Re1 Be7 13. dxc5 Bxc5 14. Be3 O-O 15. Rad1 Nd5 16. Bxc5 Nxc5 17. c4 Nf4 18. cxb5 Nxe2+ 19. Rxe2 Bxf3 20. gxf3 axb5 21. b4 Na4 22. Re5 Nc3 23. Rd3 Nd5 24. a3 Rfc8 25. Nd4 Rc1+ 26. Kg2 Nf4+ 27. Kg3 Nxd3 28. Rxb5 Rg1+ 29. Kh4 h6 30. Ne2 Re1 31. Nc3 Rxa3 32. Ne4 Ra4 33. Rb8+ Kh7 34. b5 f5 35. b6 g5+ 0-1

[Event "British Rapidplay"]
[Site "Peterborough"]
[Date "2025.03.01"]
[Round "3.72"]
[White "Middleton, Thomas"]
[Black "Bahtiyorova, Nodirabegim"]
[Result "1-0"]
[WhiteElo "1976"]
[BlackElo "1761"]
[PlyCount "117"]
[EventDate "2025.03.01"]
[EventType "swiss (rapid)"]
[EventRounds "11"]
[EventCountry "ENG"]
[SourceTitle "BritBase"]
[Source "John Saunders"]
[SourceDate "2025.03.03"]
[SourceVersion "1"]
[SourceVersionDate "2025.03.03"]
[SourceQuality "2"]

1. e4 c5 2. Nf3 d6 3. c3 Nf6 4. Bd3 Nbd7 5. Bc2 e5 6. O-O Be7 7. Re1 O-O 8. d4 cxd4 9. cxd4 Re8 10. Nc3 a6 11. Bb3 h6 12. Nh4 Nf8 13. Nf5 Be6 14. Nxe7+ Qxe7 15. d5 Bg4 16. f3 Bh5 17. g4 Bg6 18. Qe2 N6d7 19. Qf2 Nc5 20. Bc2 Rac8 21. Be3 Nfd7 22. Rac1 b5 23. Ne2 Nb6 24. b3 Nbd7 25. Ng3 Qh4 26. Kh1 Kh7 27. Rg1 Qf6 28. Ne2 Kh8 29. h4 Bh7 30. Kg2 Nf8 31. Rh1 Ng6 32. g5 Qe7 33. gxh6 gxh6 34. Bxh6 Rg8 35. Kf1 a5 36. h5 Nf4 37. Nxf4 exf4 38. Bxf4 Qf6 39. Qd2 Rg7 40. Bb1 Rcg8 41. h6 Rg6 42. Qe3 Nd7 43. Rc7 Ne5 44. a4 bxa4 45. bxa4 Qd8 46. Qa7 Nxf3 47. Rxf7 Rg1+ 48. Rxg1 Rxg1+ 49. Kf2 Qh4+ 50. Kxf3 Qh3+ 51. Ke2 Qg2+ 52. Qf2 Qxf2+ 53. Kxf2 Rxb1 54. Bxd6 Bxe4 55. Be5+ Kg8 56. Rg7+ Kf8 57. h7 Rh1 58. Rg8+ Kf7 59. h8=Q 1-0

[Event "British Rapidplay"]
[Site "Peterborough"]
[Date "2025.03.01"]
[Round "3.77"]
[White "Sanitt, Ethan"]
[Black "Beswick, Andrew"]
[Result "1-0"]
[WhiteElo "2102"]
[BlackElo "1560"]
[PlyCount "85"]
[EventDate "2025.03.01"]
[EventType "swiss (rapid)"]
[EventRounds "11"]
[EventCountry "ENG"]
[SourceTitle "BritBase"]
[Source "John Saunders"]
[SourceDate "2025.03.03"]
[SourceVersion "1"]
[SourceVersionDate "2025.03.03"]
[SourceQuality "2"]

1. c4 Nf6 2. g3 c5 3. Bg2 Nc6 4. Nc3 e6 5. e4 d6 6. Nge2 Be7 7. O-O O-O 8. d4 cxd4 9. Nxd4 Bd7 10. b3 a6 11. Ba3 Qa5 12. Bb2 Rad8 13. h3 Ne8 14. Nxc6 Bxc6 15. Ne2 Bf6 16. Nd4 Bd7 17. Qd3 g6 18. Kh2 Bg7 19. f4 Qc5 20. Rad1 b5 21. Rc1 Qb6 22. Ba1 bxc4 23. Rxc4 e5 24. Ne2 Bb5 25. Nc3 Bxc4 26. Qxc4 Nf6 27. f5 Rc8 28. Qe2 Qb4 29. Rf3 Rc6 30. fxg6 fxg6 31. Qf1 Rfc8 32. Rxf6 Bxf6 33. Nd5 Qb7 34. Qxf6 Qg7 35. Ne7+ Kh8 36. Qxg7+ Kxg7 37. Bb2 Rc2 38. Nxc8 Rxb2 39. Nxd6 Rxa2 40. Nc4 Kf6 41. Kg1 Rc2 42. Ne3 Ke6 43. Nxc2 1-0

[Event "British Rapidplay"]
[Site "Peterborough"]
[Date "2025.03.01"]
[Round "3.78"]
[White "Liu, Jacob"]
[Black "Barton, Ben"]
[Result "1-0"]
[WhiteElo "1779"]
[BlackElo "1857"]
[PlyCount "71"]
[EventDate "2025.03.01"]
[EventType "swiss (rapid)"]
[EventRounds "11"]
[EventCountry "ENG"]
[SourceTitle "BritBase"]
[Source "John Saunders"]
[SourceDate "2025.03.03"]
[SourceVersion "1"]
[SourceVersionDate "2025.03.03"]
[SourceQuality "2"]

1. e4 c5 2. Nf3 Nc6 3. d4 cxd4 4. Nxd4 e5 5. Nb5 Nf6 6. N1c3 d6 7. Bg5 Be7 8. Be2 a6 9. Na3 b5 10. Bxf6 Bxf6 11. Nd5 O-O 12. O-O Nd4 13. Bg4 Be6 14. c3 Bxg4 15. Qxg4 Ne6 16. Rad1 Nc7 17. Nc2 Nxd5 18. Rxd5 Be7 19. Ne3 Qc8 20. Nf5 Bf6 21. Rxd6 Qd8 22. Rxd8 Rfxd8 23. Rd1 Rxd1+ 24. Qxd1 Rd8 25. Qb3 g6 26. Nh6+ Kg7 27. Ng4 Bg5 28. g3 f5 29. exf5 gxf5 30. Nxe5 Re8 31. Qf7+ Kh6 32. Qxe8 b4 33. h4 Bf6 34. Qf8+ Bg7 35. Qxf5 Bxe5 36. Qg5# 1-0

[Event "British Rapidplay"]
[Site "Peterborough"]
[Date "2025.03.01"]
[Round "4.1"]
[White "Larchikov, Maksym"]
[Black "Maroroa Jones, Gawain C B"]
[Result "0-1"]
[WhiteElo "2050"]
[BlackElo "2654"]
[PlyCount "56"]
[EventDate "2025.03.01"]
[EventType "swiss (rapid)"]
[EventRounds "11"]
[EventCountry "ENG"]
[SourceTitle "BritBase"]
[Source "John Saunders"]
[SourceDate "2025.03.03"]
[SourceVersion "1"]
[SourceVersionDate "2025.03.03"]
[SourceQuality "2"]

1. d4 Nf6 2. c4 g6 3. Nc3 Bg7 4. Nf3 O-O 5. e4 d6 6. Be2 e5 7. O-O h6 8. h3 exd4 9. Nxd4 Re8 10. Bf3 Nh7 11. Re1 Ng5 12. Bg4 Bxg4 13. hxg4 Nc6 14. Nxc6 bxc6 15. Qc2 Rb8 16. Nd1 d5 17. cxd5 cxd5 18. Nc3 Nxe4 19. Nxe4 Rxe4 20. Rxe4 dxe4 21. Qxe4 Qd1+ 22. Kh2 Qf1 23. f3 Bf8 24. a3 Bd6+ 25. f4 Rb3 26. Rb1 Qf2 27. Qd5 Qg3+ 28. Kh1 Rd3 0-1

[Event "British Rapidplay"]
[Site "Peterborough"]
[Date "2025.03.01"]
[Round "4.2"]
[White "Ghasi, Ameet K"]
[Black "Buckley, Graeme N"]
[Result "1-0"]
[WhiteElo "2505"]
[BlackElo "2268"]
[PlyCount "91"]
[EventDate "2025.03.01"]
[EventType "swiss (rapid)"]
[EventRounds "11"]
[EventCountry "ENG"]
[SourceTitle "BritBase"]
[Source "John Saunders"]
[SourceDate "2025.03.03"]
[SourceVersion "1"]
[SourceVersionDate "2025.03.03"]
[SourceQuality "2"]

1. Nf3 c5 2. g3 Nc6 3. Bg2 e5 4. O-O g6 5. c4 Bg7 6. Nc3 Nge7 7. a3 O-O 8. Rb1 a5 9. d3 d6 10. Bd2 Rb8 11. Qa4 h6 12. Rfc1 f5 13. Nb5 g5 14. b4 Ng6 15. bxc5 dxc5 16. Ne1 e4 17. Be3 Qe7 18. dxe4 f4 19. Bd2 Bd7 20. Qd1 Nge5 21. Bc3 Be6 22. Nf3 Rfd8 23. Qa4 b6 24. Bxe5 Nxe5 25. Nxe5 Bxe5 26. Rd1 Qf7 27. Rd5 Bxd5 28. cxd5 fxg3 29. hxg3 Rf8 30. Rf1 h5 31. e3 g4 32. Qc2 Qf6 33. Qe2 Rbd8 34. Na7 Rd6 35. Nc6 Rxc6 36. dxc6 Rd8 37. Qb5 Bc7 38. e5 Qxe5 39. Qb1 Kg7 40. Rd1 Rxd1+ 41. Qxd1 c4 42. Qd7+ Kh6 43. Bf1 c3 44. Bd3 Kg5 45. Qf7 b5 46. Qg6# 1-0

[Event "British Rapidplay"]
[Site "Peterborough"]
[Date "2025.03.01"]
[Round "4.3"]
[White "Gormally, Daniel W"]
[Black "Shearsby, Jude"]
[Result "1-0"]
[WhiteElo "2428"]
[BlackElo "2152"]
[PlyCount "59"]
[EventDate "2025.03.01"]
[EventType "swiss (rapid)"]
[EventRounds "11"]
[EventCountry "ENG"]
[SourceTitle "BritBase"]
[Source "John Saunders"]
[SourceDate "2025.03.03"]
[SourceVersion "1"]
[SourceVersionDate "2025.03.03"]
[SourceQuality "2"]

1. d4 d5 2. c4 e6 3. Nf3 a6 4. cxd5 exd5 5. Nc3 Nf6 6. Bg5 Be6 7. e3 Nbd7 8. Bd3 h6 9. Bf4 Be7 10. h3 O-O 11. O-O c5 12. Ne5 Rc8 13. Rc1 c4 14. Bb1 b5 15. a3 Qb6 16. Qc2 Rfd8 17. Nxd7 Rxd7 18. Be5 Rb7 19. e4 Nxe4 20. Nxe4 dxe4 21. Qxe4 g6 22. Qe3 Kh7 23. Be4 Rd7 24. d5 Qxe3 25. fxe3 Bf5 26. Rxf5 Bc5 27. Bd4 Re7 28. Bxc5 Rxe4 29. Rxf7+ Kg8 30. Rcf1 1-0

[Event "British Rapidplay"]
[Site "Peterborough"]
[Date "2025.03.01"]
[Round "4.4"]
[White "Banerjee, Supratit"]
[Black "Han, Yichen"]
[Result "1/2-1/2"]
[WhiteElo "2250"]
[BlackElo "2430"]
[PlyCount "144"]
[EventDate "2025.03.01"]
[EventType "swiss (rapid)"]
[EventRounds "11"]
[EventCountry "ENG"]
[SourceTitle "BritBase"]
[Source "John Saunders"]
[SourceDate "2025.03.03"]
[SourceVersion "1"]
[SourceVersionDate "2025.03.03"]
[SourceQuality "2"]

1. e4 g6 2. d4 Bg7 3. Nf3 c6 4. h3 d5 5. e5 c5 6. c3 Nc6 7. Be2 cxd4 8. cxd4 f6 9. Bf4 Nh6 10. exf6 exf6 11. O-O O-O 12. Nc3 Be6 13. Re1 Bf7 14. Qd2 Nf5 15. Rad1 Qd7 16. Bd3 Rad8 17. Bb1 Rfe8 18. Nb5 a6 19. Rxe8+ Bxe8 20. Bxf5 Qxf5 21. Nd6 Qd7 22. Re1 Bf8 23. Nxe8 Rxe8 24. Rxe8 Qxe8 25. Bh6 Bd6 26. Bf4 Bb4 27. Qd1 Qe4 28. Be3 Bd6 29. Nd2 Qf5 30. a3 Qd7 31. Qf3 Qe6 32. b4 Ne7 33. g4 Bc7 34. Nb3 b6 35. Nd2 f5 36. Kg2 Nc8 37. Bf4 Bd6 38. Qg3 Bxf4 39. Qxf4 Qd6 40. Qe3 Qe7 41. Qf4 Qd6 42. Qe3 Qe7 43. Qd3 fxg4 44. hxg4 Qe6 45. Qg3 Qd6 46. Qe3 Qd7 47. Qg5 Qe6 48. Nf3 Ne7 49. Ne5 Nc6 50. Nxc6 Qxc6 51. Qe5 Qd7 52. f3 Kf7 53. Qh8 Ke6 54. Qe5+ Kf7 55. g5 Qe6 56. Qc7+ Qe7 57. Qf4+ Kg8 58. Kf2 Qe6 59. Qb8+ Kf7 60. Qh8 Qf5 61. Qxh7+ Ke6 62. Qg8+ Kd6 63. Qd8+ Kc6 64. Kg3 Kb5 65. Qf6 Qb1 66. Qe5 Kc4 67. Qc7+ Kd3 68. Qxb6 Qg1+ 69. Kf4 Qh2+ 70. Kg4 Qg2+ 71. Kf4 Qh2+ 72. Kg4 Qg2+ 1/2-1/2

[Event "British Rapidplay"]
[Site "Peterborough"]
[Date "2025.03.01"]
[Round "4.5"]
[White "Slaby, Jerzy"]
[Black "Raju, Sooraj Menothuparam"]
[Result "1-0"]
[WhiteElo "2464"]
[BlackElo "2154"]
[PlyCount "65"]
[EventDate "2025.03.01"]
[EventType "swiss (rapid)"]
[EventRounds "11"]
[EventCountry "ENG"]
[SourceTitle "BritBase"]
[Source "John Saunders"]
[SourceDate "2025.03.03"]
[SourceVersion "1"]
[SourceVersionDate "2025.03.03"]
[SourceQuality "2"]

1. e4 Nf6 2. e5 Nd5 3. Bc4 e6 4. d4 d6 5. Nf3 Be7 6. Qe2 Nb6 7. Bd3 c5 8. dxc5 dxc5 9. O-O Qc7 10. Nc3 a6 11. Bf4 c4 12. Be4 N8d7 13. a4 g5 14. Nxg5 Bxg5 15. Bxg5 Qxe5 16. Qe3 f5 17. Bf4 Qc5 18. Bf3 Qxe3 19. Bxe3 a5 20. Rfe1 Kf7 21. Nb5 c3 22. b3 Rb8 23. Nd6+ Kf6 24. Bd4+ e5 25. Bxc3 Ke6 26. Rad1 Ra8 27. Nb5 Rb8 28. Rd6+ Kf7 29. Bxa5 Na8 30. Bc3 b6 31. Bd5+ Kg7 32. f4 Re8 33. fxe5 1-0

[Event "British Rapidplay"]
[Site "Peterborough"]
[Date "2025.03.01"]
[Round "4.6"]
[White "Gasanov, Eldar"]
[Black "Rushbrooke, Remy"]
[Result "1-0"]
[WhiteElo "2469"]
[BlackElo "2094"]
[PlyCount "67"]
[EventDate "2025.03.01"]
[EventType "swiss (rapid)"]
[EventRounds "11"]
[EventCountry "ENG"]
[SourceTitle "BritBase"]
[Source "John Saunders"]
[SourceDate "2025.03.03"]
[SourceVersion "1"]
[SourceVersionDate "2025.03.03"]
[SourceQuality "2"]

1. d4 g6 2. e4 Bg7 3. Nf3 d6 4. Bc4 Nf6 5. Qe2 Bg4 6. e5 dxe5 7. Bxf7+ Kxf7 8. Nxe5+ Kf8 9. Nxg4 Qxd4 10. Ne3 Nbd7 11. O-O Kf7 12. Rd1 Qc5 13. Nd2 Rhe8 14. Nb3 Qb6 15. Qc4+ e6 16. Ng4 c6 17. a4 Nd5 18. Be3 Qc7 19. Nh6+ Kf8 20. Nc5 Ne5 21. Qh4 Qe7 22. Qh3 Nxe3 23. Qxe3 Qh4 24. Re1 Bxh6 25. Qxe5 Bf4 26. Nxe6+ Rxe6 27. Qxe6 Qxh2+ 28. Kf1 Qh1+ 29. Ke2 Qh5+ 30. g4 Qg5 31. Kf3 Bc7 32. Re4 Rd8 33. Rd1 Rxd1 34. Qe8+ 1-0

[Event "British Rapidplay"]
[Site "Peterborough"]
[Date "2025.03.01"]
[Round "4.7"]
[White "Vashisht-Pigem, Raman"]
[Black "Badacsonyi, Stanley"]
[Result "0-1"]
[WhiteElo "1965"]
[BlackElo "2334"]
[PlyCount "110"]
[EventDate "2025.03.01"]
[EventType "swiss (rapid)"]
[EventRounds "11"]
[EventCountry "ENG"]
[SourceTitle "BritBase"]
[Source "John Saunders"]
[SourceDate "2025.03.03"]
[SourceVersion "1"]
[SourceVersionDate "2025.03.03"]
[SourceQuality "2"]

1. e4 e6 2. d4 d5 3. Nd2 h6 4. Ngf3 Nf6 5. exd5 exd5 6. Bd3 Bd6 7. O-O O-O 8. c3 Re8 9. Re1 Be6 10. Qc2 Nbd7 11. h3 c5 12. Nf1 Rc8 13. Bd2 c4 14. Bf5 Bxf5 15. Qxf5 Re4 16. Ne5 Bxe5 17. dxe5 g6 18. Qf3 Nxe5 19. Qg3 Nd3 20. Re3 Rxe3 21. Bxe3 Ne4 22. Qf3 h5 23. Ng3 Ng5 24. Qe2 Ne6 25. Qd2 b6 26. Ne2 Qf6 27. Nd4 Re8 28. a4 Nec5 29. a5 b5 30. Qe2 a6 31. Rb1 Ne4 32. Qf3 Qxf3 33. Nxf3 b4 34. cxb4 Nxb4 35. Rd1 Nd3 36. b3 Nc3 37. Rd2 cxb3 38. Rxd3 b2 39. Nd2 Rc8 40. Bd4 Ne2+ 41. Kh2 Nxd4 42. Rxd4 Rc2 43. Nb1 Rc1 44. Nd2 Rd1 45. Rb4 Rxd2 46. Kg3 Rc2 47. Kf3 Kg7 48. Ke3 Kf6 49. Rb6+ Kf5 50. g3 g5 51. Kd4 Rxf2 52. Kxd5 Rd2+ 53. Kc6 Ke5 54. Kb7 Rd7+ 55. Kxa6 Rd6 0-1

[Event "British Rapidplay"]
[Site "Peterborough"]
[Date "2025.03.01"]
[Round "4.8"]
[White "Clarke, James"]
[Black "Vitiugov, Nikita"]
[Result "0-1"]
[WhiteElo "1941"]
[BlackElo "2668"]
[PlyCount "40"]
[EventDate "2025.03.01"]
[EventType "swiss (rapid)"]
[EventRounds "11"]
[EventCountry "ENG"]
[SourceTitle "BritBase"]
[Source "John Saunders"]
[SourceDate "2025.03.03"]
[SourceVersion "1"]
[SourceVersionDate "2025.03.03"]
[SourceQuality "2"]

1. e4 e6 2. d4 d5 3. e5 c5 4. c3 Qa5 5. a4 cxd4 6. Qxd4 Nc6 7. Qf4 Nge7 8. Nf3 Ng6 9. Qg3 Bd7 10. h4 Qc7 11. Bb5 Ngxe5 12. Bxc6 Nxf3+ 13. Qxf3 bxc6 14. O-O Bd6 15. Re1 O-O 16. h5 h6 17. Nd2 e5 18. Nf1 Rae8 19. a5 f5 20. a6 f4 0-1

[Event "British Rapidplay"]
[Site "Peterborough"]
[Date "2025.03.01"]
[Round "4.9"]
[White "Czopor, Maciej"]
[Black "Dicen, Elis Denele"]
[Result "1-0"]
[WhiteElo "2412"]
[BlackElo "2129"]
[PlyCount "123"]
[EventDate "2025.03.01"]
[EventType "swiss (rapid)"]
[EventRounds "11"]
[EventCountry "ENG"]
[SourceTitle "BritBase"]
[Source "John Saunders"]
[SourceDate "2025.03.03"]
[SourceVersion "1"]
[SourceVersionDate "2025.03.03"]
[SourceQuality "2"]

1. c4 e6 2. Nf3 d5 3. e3 Nf6 4. b3 c5 5. Bb2 Nc6 6. cxd5 exd5 7. Be2 Be7 8. O-O O-O 9. d4 Be6 10. dxc5 Bxc5 11. Nc3 Qe7 12. Rc1 Rfd8 13. Nb5 Bb6 14. Ba3 Qd7 15. Nbd4 Nxd4 16. Nxd4 a6 17. Qd2 Bc7 18. Bf3 Rac8 19. Rfd1 Be5 20. Bb2 Qd6 21. g3 Qb8 22. Rxc8 Rxc8 23. Rc1 Rd8 24. Bg2 Ne8 25. Nxe6 fxe6 26. Bh3 Qd6 27. Bxe5 Qxe5 28. Qd4 Qd6 29. e4 Qe7 30. Qe5 dxe4 31. Qxe4 e5 32. Re1 Nf6 33. Qxe5 Qb4 34. Qe6+ Kf8 35. Rc1 Re8 36. Rc8 Rxc8 37. Qxc8+ Ke7 38. Qc7+ Kf8 39. Qc8+ Ke7 40. Qe6+ Kf8 41. Bf5 a5 42. a4 Qc5 43. Kg2 Qc6+ 44. Qxc6 bxc6 45. Kf3 Ke7 46. Ke3 Nd5+ 47. Kd4 g6 48. Be4 Nb4 49. Kc5 Kd7 50. Kb6 Kd6 51. Kxa5 Kc5 52. f4 Na2 53. h4 Nc3 54. b4+ Kd6 55. Bf3 c5 56. b5 Nb1 57. b6 Nd2 58. Be2 c4 59. Kb4 Kc6 60. a5 Ne4 61. Bf3 Kd5 62. b7 1-0

[Event "British Rapidplay"]
[Site "Peterborough"]
[Date "2025.03.01"]
[Round "4.10"]
[White "Chopra, Manmay"]
[Black "Roberson, Peter T"]
[Result "0-1"]
[WhiteElo "2156"]
[BlackElo "2434"]
[PlyCount "66"]
[EventDate "2025.03.01"]
[EventType "swiss (rapid)"]
[EventRounds "11"]
[EventCountry "ENG"]
[SourceTitle "BritBase"]
[Source "John Saunders"]
[SourceDate "2025.03.03"]
[SourceVersion "1"]
[SourceVersionDate "2025.03.03"]
[SourceQuality "2"]

1. Nf3 c5 2. e4 d6 3. d4 cxd4 4. Qxd4 Nc6 5. Bb5 a6 6. Bxc6+ bxc6 7. O-O e5 8. Qd3 Ne7 9. c4 Ng6 10. Rd1 Be7 11. c5 d5 12. exd5 cxd5 13. Qxd5 Qxd5 14. Rxd5 Be6 15. Rd1 Bxc5 16. Be3 Bxe3 17. fxe3 Rb8 18. b3 Rc8 19. Nbd2 Ke7 20. Rac1 Rhd8 21. Kf2 f6 22. Ke1 Nf8 23. Ne4 Nd7 24. Nc3 Nc5 25. Rxd8 Rxd8 26. Rd1 Rc8 27. Kd2 a5 28. Rc1 Bxb3 29. Rb1 Rd8+ 30. Ke2 Bc4+ 31. Kf2 Rd3 32. Nd1 Ra3 33. Rc1 Nd3+ 0-1

[Event "British Rapidplay"]
[Site "Peterborough"]
[Date "2025.03.01"]
[Round "4.11"]
[White "Mirzoeva, Elmira"]
[Black "Kovchan, Alexander"]
[Result "1/2-1/2"]
[WhiteElo "2272"]
[BlackElo "2433"]
[PlyCount "101"]
[EventDate "2025.03.01"]
[EventType "swiss (rapid)"]
[EventRounds "11"]
[EventCountry "ENG"]
[SourceTitle "BritBase"]
[Source "John Saunders"]
[SourceDate "2025.03.03"]
[SourceVersion "1"]
[SourceVersionDate "2025.03.03"]
[SourceQuality "2"]

1. d4 Nf6 2. c4 g6 3. Nc3 d5 4. Bf4 Bg7 5. e3 O-O 6. cxd5 Nxd5 7. Nxd5 Qxd5 8. Bxc7 Na6 9. Bxa6 Qxg2 10. Qf3 Qxf3 11. Nxf3 bxa6 12. Rg1 f6 13. Rc1 Rf7 14. Ke2 Bb7 15. Bg3 a5 16. Rc5 a4 17. Rgc1 Ba6+ 18. Ke1 e5 19. dxe5 Bf8 20. e6 Re7 21. Nd4 Ree8 22. Rc6 Bb7 23. R6c4 a3 24. bxa3 Bd5 25. Ra4 a5 26. Nb5 Bxa2 27. Nc7 Rec8 28. Ra1 Bb3 29. Nxa8 Rxa8 30. Rd4 Bxe6 31. Bd6 Bg7 32. Rb1 f5 33. Ra4 Bc3+ 34. Kf1 g5 35. Bc5 Rc8 36. Bd4 Bd7 37. Bxc3 Bxa4 38. Bxa5 Rc2 39. Rb8+ Kf7 40. Rb7+ Kg6 41. Rc7 Ra2 42. Bb4 Bb3 43. Bf8 f4 44. exf4 gxf4 45. f3 Rxh2 46. Bd6 Rh4 47. Kf2 Bd5 48. Rc5 Rh2+ 49. Kg1 Rd2 50. Bxf4 Rd3 51. a4 1/2-1/2